| 000 | 00624nam a2200181Ia 4500 | ||
|---|---|---|---|
| 008 | 151202s9999||||xx |||||||||||||| ||und|| | ||
| 082 | _bPNVM-37206 | ||
| 100 | _aभुर्के श्याम. | ||
| 245 | _aसभेत कसे बोलावे. | ||
| 260 | _b"मेहता पब्लिशींग हाऊस, पुणे." | ||
| 260 | _c1988 | ||
| 300 | _a221 | ||
| 600 | _aभुर्के श्याम. | ||
| 630 | _aसभेत कसे बोलावे. | ||
| 700 | _aभुर्के श्याम. | ||
| 730 | _aसभेत कसे बोलावे. | ||
| 942 | _cBOOK | ||
| 999 |
_c1303158 _d1303155 |
||